Đánh giá năng lực cạnh tranh của các doanh nghiệp công nghiệp nhỏ và vừa ở Thành phố Cần Thơ và Tỉnh Đồng Tháp : Luận Văn thạc sĩ: Chuyên ngành: Quản trị kinh doanh

Mục tiêu của đề tài nhằm phân tích thực trạng cạnh tranh và các nhân tố ảnh hưởng đến năng lực cạnh tranh của các Doanh nghiệp công nghiệp nhỏ và vừa ở Thành phố Cần Thơ và Tỉnh Đồng Tháp, đánh giá điểm mạnh điểm yếu, từ đó đề xuất...

Täydet tiedot

Tallennettuna:
Bibliografiset tiedot
Päätekijä: Mai, Hiếu Bảo Châu
Aineistotyyppi: Kirja
Kieli:Undetermined
Julkaistu: Cần Thơ Đại học Cần Thơ 2013
Aiheet:
Tagit: Lisää tagi
Ei tageja, Lisää ensimmäinen tagi!
Thư viện lưu trữ: Trung tâm Học liệu Trường Đại học Cần Thơ
LEADER 01486nam a2200217Ia 4500
001 CTU_183296
008 210402s9999 xx 000 0 und d
082 |a 330.9597 
082 |b Ch125 
100 |a Mai, Hiếu Bảo Châu 
245 0 |a Đánh giá năng lực cạnh tranh của các doanh nghiệp công nghiệp nhỏ và vừa ở Thành phố Cần Thơ và Tỉnh Đồng Tháp : 
245 0 |b Luận Văn thạc sĩ: Chuyên ngành: Quản trị kinh doanh 
245 0 |c Mai Hiếu Bảo Châu ; Mai Văn Nam (Người hướng dẫn khoa học) 
260 |a Cần Thơ 
260 |b Đại học Cần Thơ 
260 |c 2013 
520 |a Mục tiêu của đề tài nhằm phân tích thực trạng cạnh tranh và các nhân tố ảnh hưởng đến năng lực cạnh tranh của các Doanh nghiệp công nghiệp nhỏ và vừa ở Thành phố Cần Thơ và Tỉnh Đồng Tháp, đánh giá điểm mạnh điểm yếu, từ đó đề xuất các giải pháp nhằm nâng cao hiệu quả sản xuất kinh doanh và năng lực cạnh tranh của các Doanh nghiệp công nghiệp nhỏ và vừa ở Thành phố Cần Thơ và Đồng Tháp 
650 |a Năng lực cạnh tranh 
904 |i Tôn Trúc Quân 
910 |a Nguyên 
980 |a Trung tâm Học liệu Trường Đại học Cần Thơ